1625 1710 1975 1809 1905 1679 1778 1257 1581 1110 1742 1873 1156 1524 1025 1758 1232 1386 1938 1456 1078 1153 1735 1106 1211 1608 1139 1835 1750 1938 1057 1425 1161 1496 1006 1943 1086 1941 1505 1138 1264 1670 1226 1700 1865 1752 1331 1211 1989 1593 1660 1079 1631 1568 1067 1853 1452 1735 1028 1654 1071 1815 1582 1896 1735 1564 1023 1141 1664 1791 1415 1062 1167 1545 1231 1088 1604 1705 1930 1756 1089 1059 1964 1768 1910 1358 1202 1192 1218 1565 1936 1752 1557 1725 1057 1151 1801 1260 1412 BCNSPRNW ULIB Ver.6.0+V

เปลี่ยนเป็นภาษาไทย

Change to English
 แสดงรายละเอียดบรรณานุกรม
  กลับหน้าหลัก

Brief Record : Get Marc (ISO 2709) : E-mail record : QR code < ปิดหน้าต่าง
LEADER : 00000nam 2200000uu 4500
001    13399127789
003     ULIB
008    210824s2560||||th 000 0 tha d
020    ^a9786164380493
060 04 ^aWT120^bก318
100 0  ^aปณิตา ลิมปะวัฒนะ
245 10 ^aกลุ่มอาการสูงอายุ และประเด็นทางสุขภาพที่น่าสนใจ /^cปณิตา ลิมปะวัฒนะ, บรรณาธิการ
250    ^aพิมพ์ครั้งที่ 1
260    ^aขอนแก่น :^bหน่วยเวชศาสตร์ผู้สูงอายุ ภาควิชาอายุรศาสตร์ คณะแพทย์ศาสตร์ มหาวิทยาลัยขอนแก่น ,^c2560
300    ^aฐ, 292 หน้า :^bภาพประกอบ ;^c25 ซม.
500    ^aผู้สูงอายุ
505 0  ^a1.กลุ่มอาการสูงอายุ--2.แนวทางการสื่อสารและการประเมินผู้สูงอายุอย่างสมบูรแบบ--3.ภาวะหกล้ม--4.การสูญเสียความสามารถในการเคลื่อนไหว--5.ภาวะสับสนเฉียพลัน--6.ภาวะสมองเสื่อม--7.ภาวะซึมเศร้าในผู้สูงอายุ--8.ภาวะกลั้นปัสสาวะไม่้ได้ 9. ภาวะทุพโภชนาการในผู้สูงอายุ--10.การนอนไม่หลับ--11.โรคหรือภาวะที่เกิดจากการปฏิบัติการทางการแพทย์--12.ภาวะเปาะบางและภาวะมวลกล้ามเนื้อน้อย--13.การวางแผนจำหน่ายและการดูแลระยะเปลี่ยนผ่าน--14.ภาระผู้ดูแลผู้ป่วยสูงอายุ--15.การดแลผู้สูงอายุแบบประคับประคอง
650  4 ^aผู้สูงอายุ^xสุขภาพและอนามัย
650  4 ^aผู้สูงอายุ^xโรค
700 0  ^aทศพร คำผลศิริ
710 2  ^aมหาวิทยาลัยขอนแก่น. ^bคณะแพทยศาสตร์.
945    ^p390^l0^i008197
945    ^p390^l0^i008198
945    ^p390^l0^i008199
945    ^p390^l0^i008200
945    ^p390^l0^i008201
945    ^p390^l0^i008202
945    ^p390^l0^i008203
999    ^aประนอม เกษจรัล
รายการนี้ยังไม่มีแท็ก
คุณยังไม่ได้ล็อกอิน คุณสามารถมีกิจกรรมร่วมกับเว็บไซต์ได้ แต่ต้องล็อกอินก่อน ::
  ล็อกอิน

รายการสื่อสารสนเทศ

ลำดับที่ ประเภท เลขเรียก/บาร์โค้ด สถานที่ สถานะ
1. วิทยาศาสตร์การแพทย์ และสุขภาพ
หนังสือสำรอง
สถานะ=หนังสือสำรอง
WT120 ก318 ฉ.1 
  Barcode: 008197
ห้องสมุดวิทยาเขตสวรรค์ประชารักษ์
►หนังสือทั่วไป
บนชั้น
2. วิทยาศาสตร์การแพทย์ และสุขภาพ
วิทยาศาสตร์การแพทย์ และสุขภาพ
WT120 ก318 ฉ.2 
  Barcode: 008198
ห้องสมุดวิทยาเขตสวรรค์ประชารักษ์
►หนังสือทั่วไป
ถูกยืม กำหนดส่งวันที่ 26 มกราคม 2569
  จอง
3. วิทยาศาสตร์การแพทย์ และสุขภาพ
วิทยาศาสตร์การแพทย์ และสุขภาพ
WT120 ก318 ฉ.3 
  Barcode: 008199
ห้องสมุดวิทยาเขตสวรรค์ประชารักษ์
►หนังสือทั่วไป
ถูกยืม กำหนดส่งวันที่ 21 พฤษภาคม 2569
  จอง
4. วิทยาศาสตร์การแพทย์ และสุขภาพ
วิทยาศาสตร์การแพทย์ และสุขภาพ
WT120 ก318 ฉ.4 
  Barcode: 008200
ห้องสมุดวิทยาเขตสวรรค์ประชารักษ์
►หนังสือทั่วไป
บนชั้น
5. วิทยาศาสตร์การแพทย์ และสุขภาพ
วิทยาศาสตร์การแพทย์ และสุขภาพ
WT120 ก318 ฉ.5 
  Barcode: 008201
ห้องสมุดวิทยาเขตสวรรค์ประชารักษ์
►หนังสือทั่วไป
บนชั้น
6. วิทยาศาสตร์การแพทย์ และสุขภาพ
วิทยาศาสตร์การแพทย์ และสุขภาพ
WT120 ก318 ฉ.6 
  Barcode: 008202
ห้องสมุดวิทยาเขตสวรรค์ประชารักษ์
►หนังสือทั่วไป
บนชั้น
7. วิทยาศาสตร์การแพทย์ และสุขภาพ
วิทยาศาสตร์การแพทย์ และสุขภาพ
WT120 ก318 ฉ.7 
  Barcode: 008203
ห้องสมุดวิทยาเขตสวรรค์ประชารักษ์
►หนังสือทั่วไป
ถูกยืม กำหนดส่งวันที่ 1 มีนาคม 2569
  จอง

รายการใกล้เคียง
    ผู้แต่ง [ปณิตา ลิมปะวัฒนะ]

BibComment


ยังไม่เคยถูกคอมเมนท์

คอมเมนท์ทรัพยากรรายการนี้
  คอมเมนท์: กลุ่มอาการสูงอาย..


 Copyright 2026. Bcnsprnw @Library